000 00556nam a2200229Ia 4500
003 OSt
005 20220924151843.0
006 a|||||r|||| 00| 0
007 ta
008 220923b |||||||| |||| 00| 0 mar d
024 _a339387
037 _cTextual
040 _aARTS
_cARTS
_bmar
041 _2mar
_amar
082 _aAz7, 155G8.1
100 _aParanjape
_9225124
245 0 _aShastriya nibandha mala
260 _c1938
650 _aSCIENCE
942 _hAz7, 155G8.1
_cTEXL
_2CC
999 _c467879
_d467879